000
00204nam a2200109Ia 4500
100
_a
#N/A
942
_c
BK
654
_a
Playware
245
_a
Playware ; Music album
260
_b
#N/A
546
_a
ENGLISH
999
_c
22718
_d
22718